Airports With Most Destinations - Statistics

General Stats
  • This quiz has been taken 5,847 times
  • The average score is 17 of 24
Answer Stats
# Airport % Correct
155 London (Heathrow)
97%
148 New York (JFK)
97%
218 Paris (CDG)
93%
157 London (Gatwick)
91%
148 New York (Newark)
87%
190 Beijing
84%
175 Dubai
84%
253 Frankfurt
82%
200 Atlanta
80%
155 Madrid
80%
155 Rome
78%
221 Amsterdam
76%
185 Istanbul
76%
144 Shanghai (Pudong)
76%
182 Chicago
75%
189 Moscow
73%
184 Munich
61%
173 Dallas/Fort Worth
60%
148 Toronto
59%
168 Houston
50%
161 Denver
41%
151 Brussels
38%
145 Vienna
34%
153 Dusseldorf
14%
No matching quizzes found
Score Distribution
Percent of People with Each Score
Percentile by Number Answered
Your Score History
You have not taken this quiz